00466 2200181 4500001002100000005001500021008004100036020001800077035001900095041000700114082001000121090001600131100003500147245002700182260003400209300001400243650002700257INLIS00000000001072720241224114042241224||||||||| | ||| |||| || |  a979-9482-27-5 0010-1224010727 aid0 a2x6.1 a2x6.1 RAQ h0 aProf.Dr.Hamad Hasan Raqith.PhD00aHidup Sehat Cara Islam aBandungbPenerbit Marjac2006 a160 hal;; 0aPendidikan Agama Islam